| 000 | 00356pam a2200157a 44500 | ||
|---|---|---|---|
| 008 | 230405s2005 xxu||||| |||| 00| 0 eng d | ||
| 041 | _aENG | ||
| 100 | _aScott Mitchell | ||
| 245 | _aTeach Yourself Active Server Pages 3.0 | ||
| 250 | _a1 | ||
| 260 |
_a _bTechmedia _c2005 |
||
| 300 | _a783p,25cms | ||
| 440 | _a390 | ||
| 690 | _aMCA | ||
| 906 | _a6019 | ||
| 999 |
_c258878 _d258878 |
||